Nine theories of religion / (Record no. 45353)
[ view plain ]
| 000 -LEADER | |
|---|---|
| fixed length control field | 01371cam a2200301 i 4500 |
| 001 - CONTROL NUMBER | |
| control field | 18084351 |
| 005 - DATE AND TIME OF LATEST TRANSACTION | |
| control field | 20190214132730.0 |
| 008 - FIXED-LENGTH DATA ELEMENTS--GENERAL INFORMATION | |
| fixed length control field | 140327t20152015nyu b 001 0 eng |
| 010 ## - LIBRARY OF CONGRESS CONTROL NUMBER | |
| LC control number | 2014008980 |
| 020 ## - INTERNATIONAL STANDARD BOOK NUMBER | |
| International Standard Book Number | 9780199859092 |
| 040 ## - CATALOGING SOURCE | |
| Original cataloging agency | DLC |
| Language of cataloging | eng |
| Transcribing agency | DLC |
| Description conventions | rda |
| Modifying agency | DLC |
| 042 ## - AUTHENTICATION CODE | |
| Authentication code | pcc |
| 100 1# - MAIN ENTRY--PERSONAL NAME | |
| Personal name | Pals, Daniel L. |
| 240 10 - UNIFORM TITLE | |
| Uniform title | <a href="Eight theories of religion">Eight theories of religion</a> |
| 245 10 - TITLE STATEMENT | |
| Title | Nine theories of religion / |
| Statement of responsibility, etc | Daniel L. Pals, University of Miami. |
| 250 ## - EDITION STATEMENT | |
| Edition statement | Third edition. |
| 260 ## - PUBLICATION, DISTRIBUTION, ETC. (IMPRINT) | |
| Place of publication, distribution, etc | New York : |
| Name of publisher, distributor, etc | Oxford University Press, |
| Date of publication, distribution, etc | 2015. |
| 300 ## - PHYSICAL DESCRIPTION | |
| Extent | ix, 374 pages ; |
| Dimensions | 21 cm |
| 336 ## - CONTENT TYPE | |
| Content Type Term | text |
| 337 ## - MEDIA TYPE | |
| Media Type Term | unmediated |
| 338 ## - CARRIER TYPE | |
| Carrier Type Term | volume |
| 500 ## - GENERAL NOTE | |
| General note | Rev. ed. of: Eight theories of religion. 2006. |
| 504 ## - BIBLIOGRAPHY, ETC. NOTE | |
| Bibliography, etc | Includes bibliographical references and index. |
| 505 0# - FORMATTED CONTENTS NOTE | |
| Formatted contents note | Introduction -- 1. Animism and magic / E.B. Tylor and J.G. Frazer -- 2. Religion and personality / Signumd Freud -- 3. Society as sacred / âEmile Durkheim -- 4. Religion as alienation / Karl Marx -- 5. A source of social action / Max Weber -- 6. The verdict of religious experience / William James -- 7. The reality of the sacred / Mircea Eliade -- 8. Society's "construct of the heart" / E.E. Evans-Pritchard -- 9. Religion as cultural system / Clifford Geertz -- 10. Conclusion. |
| 546 ## - LANGUAGE NOTE | |
| Language note | Text in English. |
| 650 #0 - SUBJECT ADDED ENTRY--TOPICAL TERM | |
| Topical term or geographic name as entry element | Religion |
| General subdivision | Study and teaching |
| -- | History. |
| 942 ## - ADDED ENTRY ELEMENTS (KOHA) | |
| Source of classification or shelving scheme | Library of Congress Classification |
| Item type | Books |
| Withdrawn status | Lost status | Source of classification or shelving scheme | Damaged status | Not for loan | Home library | Current library | Shelving location | Date acquired | Source of acquisition | Inventory number | Total Checkouts | Full call number | Barcode | Date last seen | Price effective from | Koha item type |
|---|---|---|---|---|---|---|---|---|---|---|---|---|---|---|---|---|
| Library of Congress Classification | BSOP Library | BSOP Library | GC | 02/14/2019 | Amazon | 44975 | BL41 P18 2015 | 00055975 | 02/14/2019 | 02/14/2019 | Books |
